|
|
|
|
| LEADER |
00000nas a2200000 a 4500 |
| 001 |
ssj0000613222 |
| 003 |
WaSeSS |
| 005 |
20200512172242.0 |
| 006 |
m d |
| 007 |
cr n |
| 008 |
110819c20099999nz a| p|s|||||| |0eng d |
| 022 |
|
|
|a 1179-2787
|l 1179-2787
|
| 035 |
|
|
|a (WaSeSS)ssj0000613222
|
| 040 |
|
|
|a WaSeSS
|c WaSeSS
|d WaSeSS
|
| 050 |
|
4 |
|a QL495
|
| 210 |
1 |
|
|a Open access insect physiol.
|
| 222 |
|
0 |
|a Open access insect physiology
|
| 245 |
0 |
0 |
|a Open access insect physiology
|h [electronic resource].
|
| 260 |
|
|
|a Auckland, N.Z. :
|b Dove Medical Press
|
| 310 |
|
|
|a Annual
|
| 362 |
1 |
|
|a Began with Volume 1 (October 2009).
|
| 506 |
|
|
|a License restrictions may limit access.
|
| 588 |
|
|
|a Description based on: Volume 1 (October 2009); title from title screen (Dovepress, viewed August 9, 2011).
|
| 588 |
|
|
|a Latest issue consulted: Volume 3 (July 2011) (viewed August 9, 2011).
|
| 650 |
|
0 |
|a Insects
|x Physiology
|v Periodicals.
|
| 650 |
|
0 |
|a Arthropods
|v Periodicals.
|
| 650 |
|
0 |
|a Biology
|v Periodicals.
|
| 655 |
|
0 |
|a Electronic journals.
|
| 856 |
4 |
0 |
|z Full text available from Research Library: 01/01/2009 to 12/31/2012
|u https://search.proquest.com/publication/3933327
|
| 856 |
4 |
0 |
|z Full text available from Research Library: 01/01/2015 to 01/31/2016
|u https://search.proquest.com/publication/3933327
|